000 01105nam a2200313 i 4500
001 12913
003 ES-MaACL
005 20250715193823.0
007 t|
008 971013s1996 sp ||||1| spa d
020 _a84-264-1239-4
080 _a929 Sartre, Jean-Paul
080 _a929 Beauvoir, Simone de
080 _a840-6"19"
100 0 _aBeauvoir, Simone de,
_d1908-1986
_926850
245 1 0 _aCartas a Sartre /
_cSimone de Beauvoir ; edición presentada, establecida y anotada por Sylvie Le Bon de Beauvoir ; traducción de Nuria Pujol.
250 _a1ª ed.
260 _aBarcelona :
_bLumen,
_c1996.
300 _a790 p. ;
_c23 cm.
490 1 _aPalabra en el tiempo ;
_v239
600 1 4 _aSartre, Jean-Paul,
_d1905-1980-
_vCorrespondencia
_9103899
600 0 4 _aBeauvoir, Simone de,
_d1908-1986-
_vCorrespondencia
_926851
700 1 _aLe Bon de Beauvoir, Sylvie.
_970836
700 1 _aPujol, Nuria.
_994345
700 1 _aSartre, Jean-Paul,
_d1905-1980
_9103897
830 0 _aPalabra en el tiempo ;
_v239
_9177857
852 _aES-MaACL
_jL-20291
999 _c12913
_d12913